<?xml version="1.0" encoding="UTF-8"?>
<collection xmlns="http://www.loc.gov/MARC21/slim">
 <record>
  <leader>01449nam a22002177a 4500</leader>
  <controlfield tag="001">NCT_56638</controlfield>
  <controlfield tag="008">190107b        xxu||||| |||| 00| 0 vie d</controlfield>
  <datafield tag="999" ind1=" " ind2=" ">
   <subfield code="c">2735</subfield>
   <subfield code="d">2735</subfield>
  </datafield>
  <datafield tag="020" ind1=" " ind2=" ">
   <subfield code="a">9786045741450</subfield>
   <subfield code="c">55000</subfield>
  </datafield>
  <datafield tag="082" ind1="0" ind2="4">
   <subfield code="2">23rd ed.</subfield>
   <subfield code="a">342.597085</subfield>
   <subfield code="b">Qu106</subfield>
  </datafield>
  <datafield tag="100" ind1="1" ind2=" ">
   <subfield code="a">Trương Hồng Quang</subfield>
  </datafield>
  <datafield tag="245" ind1="1" ind2="0">
   <subfield code="a">Điểm mới về quyền nhân thân của cá nhân trong bộ luật dân sự (hiện hành) năm 2015 và những tình huống thực tế</subfield>
   <subfield code="c">Trương Hồng Quang</subfield>
  </datafield>
  <datafield tag="260" ind1=" " ind2=" ">
   <subfield code="a">H.</subfield>
   <subfield code="b">Chính trị quốc gia sự thật</subfield>
   <subfield code="c">2018</subfield>
  </datafield>
  <datafield tag="300" ind1=" " ind2=" ">
   <subfield code="a">198 tr.</subfield>
   <subfield code="c">21cm</subfield>
  </datafield>
  <datafield tag="520" ind1="3" ind2=" ">
   <subfield code="a">Sách nói về điểm mới về quyền nhân thân của cá nhân trong Bộ luật dân sự năm 2015 và một số tình huống thực tế về quyền nhân thân của cá nhân.</subfield>
  </datafield>
  <datafield tag="653" ind1=" " ind2=" ">
   <subfield code="a">Luật học</subfield>
  </datafield>
  <datafield tag="942" ind1=" " ind2=" ">
   <subfield code="2">ddc</subfield>
   <subfield code="c">BK</subfield>
  </datafield>
  <datafield tag="952" ind1=" " ind2=" ">
   <subfield code="0">0</subfield>
   <subfield code="1">0</subfield>
   <subfield code="2">ddc</subfield>
   <subfield code="4">0</subfield>
   <subfield code="6">342_597085000000000_QU106</subfield>
   <subfield code="7">0</subfield>
   <subfield code="9">15098</subfield>
   <subfield code="a">000001</subfield>
   <subfield code="b">000001</subfield>
   <subfield code="d">2019-01-07</subfield>
   <subfield code="l">1</subfield>
   <subfield code="o">342.597085 Qu106</subfield>
   <subfield code="p">MD.13784</subfield>
   <subfield code="r">2019-12-04</subfield>
   <subfield code="s">2019-11-23</subfield>
   <subfield code="v">55000.00</subfield>
   <subfield code="w">2019-01-07</subfield>
   <subfield code="y">BK</subfield>
  </datafield>
  <datafield tag="952" ind1=" " ind2=" ">
   <subfield code="0">0</subfield>
   <subfield code="1">0</subfield>
   <subfield code="2">ddc</subfield>
   <subfield code="4">0</subfield>
   <subfield code="6">342_597085000000000_QU106</subfield>
   <subfield code="7">0</subfield>
   <subfield code="9">15099</subfield>
   <subfield code="a">000001</subfield>
   <subfield code="b">000001</subfield>
   <subfield code="d">2019-01-07</subfield>
   <subfield code="o">342.597085 Qu106</subfield>
   <subfield code="p">MD.13785</subfield>
   <subfield code="r">2019-01-07</subfield>
   <subfield code="v">55000.00</subfield>
   <subfield code="w">2019-01-07</subfield>
   <subfield code="y">BK</subfield>
  </datafield>
  <datafield tag="952" ind1=" " ind2=" ">
   <subfield code="0">0</subfield>
   <subfield code="1">0</subfield>
   <subfield code="2">ddc</subfield>
   <subfield code="4">0</subfield>
   <subfield code="6">342_597085000000000_QU106</subfield>
   <subfield code="7">0</subfield>
   <subfield code="9">15100</subfield>
   <subfield code="a">000001</subfield>
   <subfield code="b">000001</subfield>
   <subfield code="d">2019-01-07</subfield>
   <subfield code="o">342.597085 Qu106</subfield>
   <subfield code="p">MD.13786</subfield>
   <subfield code="r">2019-01-07</subfield>
   <subfield code="v">55000.00</subfield>
   <subfield code="w">2019-01-07</subfield>
   <subfield code="y">BK</subfield>
  </datafield>
  <datafield tag="980" ind1=" " ind2=" ">
   <subfield code="a">Thư viện Trường Đại học Nam Cần Thơ</subfield>
  </datafield>
 </record>
</collection>
